Abréviations et mots turc ( meilleur pays du monde le s ) - Statistiques

Statistiques générales
  • Ce quiz a été pris 237 fois
  • Le résultat moyen est 11 sur 15
Statistiques - réponses
Question Réponse % Correct
Que veut dire " FDP " fils de put€
96%
" GRV " grave
96%
Que veut dire l'abréviation " JSP " je sais pas
96%
" MDR " mort de rire
96%
" PTDR " pété de rire
96%
Que veut dire " NTM " niqu€ ta mere
92%
Que veut dire " TLM " tout le monde
92%
Comment dire chiffon en turc ? bez
78%
Que veut dire male en turc ? bete
73%
Comment dire poux en turc ? bit
73%
Comment dire décorer en turc ? suslemek
71%
Que veut dire " CB " carte bancaire
67%
Ce test est... absolument merveilleux
35%
Que veut dire beaucoup mouiller en turc ? mange mon caca ( jle pense pas hyn )
31%
" TG " t genial
0%
Aucun quiz correspondant
Distribution des résultats
% des personnes avec chaque résultat
Percentile par nombre de réponses
Votre historique - résultats
Vous n’avez pas pris ce quiz